NRW nach Buchstabe - S - Statistiken

Allgemein
  • Dieses Quiz wurde 40 mal gespielt
  • Das Durchschnittsergebnis liegt bei 10 aus 20
Antwortstatistiken
Hint Antwort % Korrekt
Ehemaliger Rennfahrer aus Hürth, der dein Auto kaufen will Ralf Schumacher
89%
Kreisstadt zwischen Dortmund und Paderborn mit Wiesenkirche, Patroklidom und Allerheiligenkirmes Soest
86%
Klingenstadt im Bergischen Land Solingen
86%
Gebirgsregion in Südwestfalen um Arnsberg, Olpe und Iserlohn Sauerland
80%
Größte Stadt Südwestfalens mit oberem und unterem Schloss Siegen
80%
Mit Firmen wie Mannesmann, Thyssen-Krupp oder Hösch wichtiger ehemaliger Industriefaktor im Pott Stahl
71%
Sagenheld. der nach Nibelungenlied in Xanten geboren wurde Siegfried
69%
Streitbare Feministin, Herausgeberin des Magazins Emma und Bild-Kollumnistin Alice Schwarzer
66%
Rechsrheinische Kreisstadt bei Bonn mit Michelsberg und darauf befindlichem Benediktinerkloster Siegburg
51%
Gebirge südöstlich von Bonn Siebengebirge
46%
Westfälische Bezeichnung für Hefemännchen, im Rheinland Weckmann Stutenkerl
46%
Kreisstadt des Ennepe-Ruhr-Kreises und flächenkleinste Gemeinde NRWs Schwelm
40%
Kreisstadt im Münsterland, die erst in den 70ern durch eine Gemeindefusion entstand Steinfurt
40%
Ruhrstadt im Kreis Unna mit Rohrmeisterei, Ruhrtalmuseum und Rattenloch Schwerte
37%
Kupfer- und Messingstadt bei Aachen Stolberg
37%
Heidelandschaft am Westhang des Teutoburger Walds zwischen Paderborn und Bielefeld Senne
31%
Stadt an diesem Stausee zwischen Arnsberg und Plettenberg Sundern
31%
Im Mittelalter war Westfalen teil dieses Stammesherzogtums Sachsen
26%
Tiefster Stausee in Südwestfalen bei Arnsberg Sorpesee
26%
Düsseldorfer Raplabel, bei dem Kollegah und Farid Bang JBG I - III veröffentlichten Selfmade Records
9%
Keine übereinstimmenden Quizze gefunden
Verteilung der Resultate
Anzahl Personen mit jedem Resultat
Perzentil nach korrekt beantworteten Fragen
Ihre Resultats-Entwicklung
Sie haben dieses Quiz noch nicht gespielt